00630aas a2200169 4500001001000000003001000010005001700020008004100037022001400078040004100092041000800133245005000141300004500191520014900236650001300385773006200398768714001CO-MdFUSB20171025111514.0171025s2010 ck ||||| |||| 00| 0 spa d a2145-8197 aCO-MdFUSBbspacCO-MdFUSBdCO-MdFUSB aspa 0aEl Mundo se queda sin Petróleoc/ El Tiempo aNúmero 7 (2010), página 30c: 28 cm.1 aPor cuenta de la guerra entre Israel y los países árabes, estos últimos reducen los suministros del crudo a Occidente y suben los precios.14aHISTORIA0 tdk100049432gNúmero 7 (2010), página 30qPágina 30